<The> Swedish journal of economics

Gespeichert in:
Bibliographische Detailangaben
Format: Schriftenreihe
Sprache:Englisch
Veröffentlicht: Uppsala Almqvist and Wiksells AB. 1966
Tags: Tag hinzufügen
Keine Tags, Fügen Sie das erste Tag hinzu!

MARC

LEADER 00000nas2a2200000$$$4500
001 0021219
005 20250730114413.2
041 0 |a eng 
044 |a SE 
245 1 0 |a <The> Swedish journal of economics 
264 1 |a Uppsala  |b Almqvist and Wiksells AB.  |c 1966 
300 |a 1 zv. 
773 0 |w eu_un_cat*0021217